European Countries Not in the EU - Statistics

General Stats
  • This quiz has been taken 128 times
  • The average score is 18 of 19
Answer Stats
Answer % Correct
United Kingdom
100%
Belarus
99%
Norway
98%
Russia
97%
Ukraine
97%
Vatican City
97%
Albania
95%
Andorra
95%
Serbia
95%
Liechtenstein
93%
San Marino
93%
Switzerland
93%
Kosovo
92%
Moldova
92%
Bosnia and Herzegovina
91%
North Macedonia
91%
Monaco
90%
Montenegro
90%
Iceland
82%
No matching quizzes found
Score Distribution
Percent of People with Each Score
Percentile by Number Answered
Your Score History
You have not taken this quiz